Buying Greenhouse Insurance <The> Economic Costs of Carbon Dioxide Emission Limits
Salvato in:
| Autore principale: | |
|---|---|
| Altri autori: | |
| Natura: | Libro |
| Lingua: | inglese |
| Pubblicazione: |
Cambridge
The MIT Press
1992
|
| Edizione: | 1. ed. |
| Soggetti: | |
| Tags: |
Nessun Tag, puoi essere il primo ad aggiungerne!!
|
MARC
| LEADER | 00000nam a2200000 4500 | ||
|---|---|---|---|
| 001 | c014786 | ||
| 005 | 20221206082954.0 | ||
| 020 | |a 0-262-13280-X | ||
| 041 | 0 | |a eng | |
| 044 | |a US | ||
| 245 | 1 | 0 | |a Buying Greenhouse Insurance |b <The> Economic Costs of Carbon Dioxide Emission Limits |c Alan S. Manne, Richard G. Richels |
| 250 | |a 1. ed. | ||
| 264 | 1 | |a Cambridge |b The MIT Press |c 1992 | |
| 300 | |a 182 s. | ||
| 610 | 2 | 0 | |a ochrana prostredia životného |
| 610 | 2 | 0 | |a ochrana prírody |
| 610 | 2 | 0 | |a limity |
| 610 | 2 | 0 | |a bezpečnosť environmentálna |
| 610 | 2 | 0 | |a výroba ekologická |
| 610 | 2 | 0 | |a priemysel chemický |
| 610 | 2 | 0 | |a politika hospodárska |
| 610 | 2 | 0 | |a znečistenie ovzdušia |
| 610 | 2 | 0 | |a zodpovednosť |
| 610 | 2 | 0 | |a pokuty |
| 100 | 1 | |a Manne, Alan S. | |
| 700 | 1 | |a Richels, Richard G. | |